000 00680nam a2200253Ia 4500
001 3079
005 20240113233610.0
007 ta
008 050402s a g b000 u hin u
020 _cHB
040 _aCotton College,Assam
041 _ahin
082 _a891.4309
_bSa 79 P
100 _aSastri, Omesh .
245 0 _aPrasad Sahitya Mein Adarshabad Abang Naitik Darsan /
_cOmesh Sastri.
_hTextual Documents
250 _a1st ed. /
260 _aJaipur :
_bDebnagar Prakashan ,
_cNd.
300 _a488P :
_bill ;
_c22cm .
653 _aHindi literature-Criticism
653 _aGen-Hindi
942 _2ddc
_cBK
999 _c3067
_d3067